Kaisha, the Japanese corporation

Gespeichert in:
Bibliographische Detailangaben
1. Verfasser: Abegglen, James C.
Weitere Verfasser: Stalk, George Jr
Format: Buch
Sprache:Englisch
Veröffentlicht: New York Basic Books, Inc. Publishers 1985
Schlagworte:
Tags: Tag hinzufügen
Keine Tags, Fügen Sie das erste Tag hinzu!

MARC

LEADER 00000nam a2200000 4500
001 c124931
005 20221123135431.6
020 |a 0-465-03712-7 
041 0 |a eng 
044 |a US 
245 1 0 |a Kaisha, the Japanese corporation  |c James C. Abegglen, George Jr. Stalk 
264 1 |a New York  |b Basic Books, Inc. Publishers  |c 1985 
300 |a 309 s. 
610 2 0 |a spoločnosti 
610 2 0 |a spoločnosti obchodné 
610 2 0 |a podnikanie medzinárodné 
610 2 0 |a podnikanie obchodné 
610 2 0 |a podnikanie v zahraničí 
610 2 0 |a technológia 
610 2 0 |a technológie obchodné 
610 2 0 |a Japonsko 
100 1 |a Abegglen, James C. 
700 1 |a Stalk, George Jr.